Music Quiz

Random Music or Taylor Swift Quiz

Taylor Swift songs by lyrics Quiz Stats

 Plays Quiz not verified by Sporcle

Challenge
Share
Tweet
Embed
Score 0/34 Timer 07:00
0 Plays Today
Lyric Name of Song % Correct
Been here all along, so why can't you see?You belong with me
96.3%
'Cause you were Romeo, I was a scarlet letterLove Story
93.5%
and a liar and pathetic and alone in lifeMean
92.2%
Do you remember we were sitting there by the water?Mine
91.7%
I'm not a princess, this ain't a fairy taleWhite Horse
90.8%
I hate that stupid old pickup truck you never let me drivePicture to Burn
90.3%
I hope you think that little black dressTim McGraw
88.9%
It turns out freedom ain't nothing but missing youBack to December
88.5%
He's got a one-hand feel on the steering wheelOur Song
88.5%
Wearing a gown shaped like a pastry Speak Now
87.6%
He’s the song in the car I keep singing, don’t know why I doTeardrops on my Guitar
86.2%
The way you move is like a full on rainstormSparks Fly
85.7%
She looks at me like I'm a trend and she's so over itBetter than Revenge
84.3%
Now I'm standing alone in a crowded room The Story of Us
84.3%
This night is sparkling, don't you let it goEnchanted
83.9%
Once upon a time, I believe it was a TuesdayForever and Always
83.9%
So I tuck you in, turn on your favorite night lightNever Grow Up
81.1%
Lyric Name of Song % Correct
You traded your baseball cap for a crownLong Live
80.6%
I don't know why all the trees change in the fallThe Best Day
79.7%
Come on, come on, don't leave me like thisHaunted
78.8%
You say that you'd take it all back, given one chanceShould've said No
77.4%
When all you wanted was to be wantedFifteen
76.5%
Counting my footsteps praying the floor won't fall through againDear John
75.1%
Well, you stood there with me in the doorwayFearless
72.4%
Music starts playin' like the end of a sad movieBreathe
70.5%
And the battle was long, it's the fight of our livesChange
70.5%
But I've been screamin' and fightin'The Way I Loved You
69.6%
I'm not much for dancing but for you I didLast Kiss
68.2%
Your string of lights is still bright to meInnocent
67.3%
Could've loved you all my life, If you hadn't left me waiting in the coldYou're Not Sorry
65%
But your eyes still shined like pretty lightsMary's Song (Oh My My My)
62.2%
I hope your life leads you back to my doorStay Beautiful
59%
Why do you have to make me feel smallTell me Why
56.7%
I've seen it all, so I thought Hey Stephen
49.3%

You're not logged in!

Compare scores with friends on all Sporcle quizzes.
OR
Log In

You Might Also Like...

Show Comments

Extras

Created Apr 10, 2011ReportNominate
Tags:Song Quiz, Taylor Swift Quiz

Top Quizzes Today


Score Distribution

Your Account Isn't Verified!

In order to create a playlist on Sporcle, you need to verify the email address you used during registration. Go to your Sporcle Settings to finish the process.

Report this User

Report this user for behavior that violates our Community Guidelines.

Details: